00700nam a2200193 4500001000700000003000900007005001700016007000300033008004100036100006200077245009900139250001200238260003300250300002200283700002800305852003200333999001900365952012200384131273ES-MaACL20230906193942.0t|070214s1971 sp r ||||1| spa d1 aRobinson, John Arthur Thomas cBishop of Woolwion.99789611a¿La nueva Reforma? / cJohn A. T. Robinson, Obispo de Woolwich ; [traductora Victoria Camps]. a1ª ed. aBarcelona : bAriel, c1971. a234 p. ; c19 cm.1 aCamps, Victoria.934320 aES-MaACLjC-50668 bR.76713 c131273d131273 00104070aATENEOMbATENEOMcDEPO2d2008-01-17eSCl0oC-50668p1136666r2023-02-23 00:00:00w2023-02-23yMONOGRAFIA